El Modelo hondureño de desarrollo agrario

Gardado en:
Detalles Bibliográficos
Autor Principal: Santos de Morais, Clodomir
Autor Corporativo: Programa de Capacitación Campesina para la Reforma Agraria
Formato: Texto
Publicado: Tegucigalpa: PROCCARA
Etiquetas: Engadir etiqueta
Sen Etiquetas, Sexa o primeiro en etiquetar este rexistro!

MARC

LEADER 00000 a a2200000 04500
001 22688
003
040
090 |a 155600  
100 |a Santos de Morais, Clodomir  
110 |a Programa de Capacitación Campesina para la Reforma Agraria  
245 |a El Modelo hondureño de desarrollo agrario  
260 |a Tegucigalpa:   |b PROCCARA  
300 |a 61 p  
999 |c 15478  |d 15478